000 00405nam a22001577a 4500
003 PILC
005 20160601113659.0
008 160601b xxu||||| |||| 00| 0 eng d
020 _a9781582349909
050 _aPZ 8
_b.H134 2003
100 _aHalf, Shannon.
245 _aThe goose girl /
_cShannon Half.
260 _aNew York :
_bBloomsbury,
_c2003.
300 _a383 pages ;
_c20 cm.
942 _2lcc
_cBK
999 _c295563
_d295563